[Event "Benidorm - Aficionados sub-2000 2014"]
[Site "Benidorm ESP"]
[Date "2014.12.04"]
[Round "7.6"]
[White "Pastor Villalba, Arturo"]
[Black "Fichtinger, Leopold"]
[Result "0-1"]
[WhiteElo "1835"]
[BlackElo "1941"]
[PlyCount "46"]
[EventDate "2014.11.28"]
[EventType "swiss"]
[EventRounds "10"]
[EventCountry "ESP"]
[SourceTitle "Ajedrez en Madrid"]
[Source "lmi"]
[SourceDate "2014.11.28"]

1. d4 Nf6 2. c4 e6 3. Nf3 b6 4. g3 Ba6 5. Bg2 Bxc4 6. O-O d5 7. Nbd2 Ba6 8. Re1
Bb7 9. a3 Nbd7 10. b4 Bd6 11. Bb2 O-O 12. Ne5 c5 13. e3 cxb4 14. Qb3 bxa3 15.
Bxa3 Bxa3 16. Rxa3 Nxe5 17. dxe5 Nd7 18. Nf3 Qc7 19. Qb2 Rfc8 20. Rea1 a5 21.
Bf1 Ba6 22. Bh3 g6 23. Qd4 Be2 0-1

[Event "Benidorm - Aficionados sub-2000 2014"]
[Site "Benidorm ESP"]
[Date "2014.12.04"]
[Round "7.7"]
[White "Garcia Lopez, Juan Antonio"]
[Black "Alnami, Salaheddin"]
[Result "1/2-1/2"]
[WhiteElo "1924"]
[BlackElo "1851"]
[PlyCount "144"]
[EventDate "2014.11.28"]
[EventType "swiss"]
[EventRounds "10"]
[EventCountry "ESP"]
[SourceTitle "Ajedrez en Madrid"]
[Source "lmi"]
[SourceDate "2014.11.28"]

1. c4 f5 2. Nc3 Nf6 3. e3 g6 4. Nf3 Bg7 5. Be2 d6 6. O-O e5 7. d3 O-O 8. e4 c6
9. c5 Kh8 10. cxd6 Qxd6 11. Nd2 Be6 12. Nc4 Qc7 13. f4 Bxc4 14. dxc4 Nxe4 15.
Nxe4 fxe4 16. fxe5 Rxf1+ 17. Qxf1 Qxe5 18. Be3 Nd7 19. Rd1 Rf8 20. Qe1 Qc7 21.
Qb4 c5 22. Qb5 Rf7 23. Bg4 a6 24. Qa4 Ne5 25. Be6 Re7 26. Bg5 Rxe6 27. Rd8+ Bf8
28. Rxf8+ Kg7 29. Re8 b5 30. Rxe6 bxa4 31. Re7+ Qxe7 32. Bxe7 Nxc4 33. Bxc5 Kf7
34. Bd4 Ke6 35. Kf2 Kd5 36. Bc3 Nd6 37. Ke2 Nb5 38. Bg7 Nd4+ 39. Kd2 Kc4 40.
Bf6 Kd5 41. Bg7 h5 42. Bf6 Nf5 43. Bg5 Kd4 44. Bf6+ Kc4 45. Bg5 Nd6 46. Ke3 Kd5
47. Bf6 Nc4+ 48. Ke2 Ne5 49. Bg5 Nd3 50. Bf6 Nc1+ 51. Ke3 Nxa2 52. Kf4 Nb4 53.
Kg5 Nd3 54. Kxg6 e3 55. Kxh5 e2 56. Bc3 Nf4+ 57. Kg4 Nxg2 58. h4 e1=Q 59. Bxe1
Nxe1 60. Kf5 Nd3 61. h5 Ne5 62. h6 Nf7 63. h7 Kd6 64. Kf6 Nh8 65. Kf5 Ke7 66.
Ke5 Kd7 67. Kd5 Ng6 68. Kc5 Ke7 69. Kb4 Kd6 70. Kxa4 Kc6 71. Ka5 Kb7 72. b4 Nh8
1/2-1/2

[Event "Benidorm - Aficionados sub-2000 2014"]
[Site "Benidorm ESP"]
[Date "2014.12.04"]
[Round "7.8"]
[White "Serrano Leiva, Ana"]
[Black "Gambini, Stephane"]
[Result "1/2-1/2"]
[WhiteElo "1728"]
[BlackElo "1993"]
[PlyCount "76"]
[EventDate "2014.11.28"]
[EventType "swiss"]
[EventRounds "10"]
[EventCountry "ESP"]
[SourceTitle "Ajedrez en Madrid"]
[Source "lmi"]
[SourceDate "2014.11.28"]

1. e4 c5 2. Nf3 d6 3. d4 cxd4 4. Nxd4 Nf6 5. Nc3 a6 6. Be2 e6 7. O-O Be7 8. f4
Qc7 9. Kh1 Nc6 10. Be3 Bd7 11. Qe1 Nxd4 12. Bxd4 e5 13. fxe5 dxe5 14. Qg3 O-O-O
15. Bxe5 Qa5 16. Rad1 Be6 17. a3 Rxd1 18. Rxd1 Rd8 19. Rxd8+ Bxd8 20. Bf3 g5
21. Bd4 Bc7 22. e5 g4 23. Be2 h5 24. Qh4 Nd5 25. Qxh5 Nf4 26. Qh8+ Kd7 27. Bd3
Nxd3 28. cxd3 Bd8 29. Qh6 Be7 30. Qe3 Kc6 31. Ne4 Qa4 32. Qc1+ Kd7 33. Be3 Qb5
34. Qc3 Bd5 35. Nc5+ Bxc5 36. Qxc5 Qxd3 37. Qd6+ Ke8 38. Qb8+ Kd7 1/2-1/2

[Event "Benidorm - Aficionados sub-2000 2014"]
[Site "Benidorm ESP"]
[Date "2014.12.04"]
[Round "7.9"]
[White "Cebrian Flores, Juan Antonio"]
[Black "Killane, Jack"]
[Result "0-1"]
[WhiteElo "1995"]
[BlackElo "1916"]
[PlyCount "104"]
[EventDate "2014.11.28"]
[EventType "swiss"]
[EventRounds "10"]
[EventCountry "ESP"]
[SourceTitle "Ajedrez en Madrid"]
[Source "lmi"]
[SourceDate "2014.11.28"]

1. e4 e5 2. Nf3 Nc6 3. Bb5 a6 4. Ba4 Nf6 5. d3 d6 6. c3 Be7 7. O-O Bg4 8. Nbd2
O-O 9. Re1 Re8 10. Nf1 Bf8 11. h3 Bh5 12. Bc2 d5 13. Ng3 Bg6 14. Bg5 d4 15. Qe2
Bc5 16. Rad1 Qd6 17. Qf1 Nh5 18. Nxh5 Bxh5 19. g4 Bg6 20. Bh4 Nd8 21. Bg3 f6
22. Kh1 Ne6 23. Bb3 Bf7 24. Nh4 Nd8 25. Bxf7+ Nxf7 26. Qe2 Qd7 27. Qc2 Bb6 28.
Nf5 g6 29. Nh4 Kg7 30. Kg2 c5 31. Nf3 Rac8 32. a3 Nd6 33. c4 Bd8 34. b4 b5 35.
Nd2 cxb4 36. axb4 bxc4 37. dxc4 Qb7 38. Qb3 f5 39. f3 fxe4 40. fxe4 Bg5 41. Nf3
Nxe4 42. Bh2 Be3 43. Rxe3 dxe3 44. Qxe3 Rxc4 45. Kg1 Rxb4 46. Bxe5+ Kg8 47. Bc3
Rb1 48. Qd3 Rxd1+ 49. Qxd1 Ng3 50. Kg2 Ne4 51. Ba1 Ng5 52. Qb3+ Qxb3 0-1

[Event "Benidorm - Aficionados sub-2000 2014"]
[Site "Benidorm ESP"]
[Date "2014.12.04"]
[Round "7.11"]
[White "Penarrubia Blasco, Jose Alfred"]
[Black "Gonzalez Pabollet, Jesus Maria"]
[Result "1-0"]
[WhiteElo "1956"]
[BlackElo "1883"]
[PlyCount "57"]
[EventDate "2014.11.28"]
[EventType "swiss"]
[EventRounds "10"]
[EventCountry "ESP"]
[SourceTitle "Ajedrez en Madrid"]
[Source "lmi"]
[SourceDate "2014.11.28"]

1. e4 c5 2. Nc3 a6 3. Nf3 e6 4. a4 Nc6 5. h3 g6 6. Bc4 Bg7 7. d3 Nge7 8. O-O
O-O 9. Nh2 d5 10. exd5 exd5 11. Bb3 Nd4 12. Ba2 Be6 13. Ne2 Nxe2+ 14. Qxe2 b5
15. Bg5 Re8 16. c4 Qd7 17. Bxe7 Rxe7 18. Qf3 bxc4 19. dxc4 Rd8 20. cxd5 Bxd5
21. Bxd5 Qxd5 22. Rad1 Bd4 23. Rd2 Red7 24. Rfd1 Qe6 25. b3 Re8 26. b4 Rde7 27.
bxc5 Bxc5 28. Ng4 f6 29. Nxf6+ 1-0

[Event "Benidorm - Aficionados sub-2000 2014"]
[Site "Benidorm ESP"]
[Date "2014.12.04"]
[Round "7.12"]
[White "Cartagena Sanchez, Javier"]
[Black "Roksvold, Jan"]
[Result "0-1"]
[WhiteElo "1952"]
[BlackElo "1876"]
[PlyCount "62"]
[EventDate "2014.11.28"]
[EventType "swiss"]
[EventRounds "10"]
[EventCountry "ESP"]
[SourceTitle "Ajedrez en Madrid"]
[Source "lmi"]
[SourceDate "2014.11.28"]

1. b3 e5 2. Bb2 d6 3. e3 Nf6 4. c4 g6 5. d4 Nbd7 6. Nf3 Qe7 7. dxe5 Nxe5 8.
Nxe5 dxe5 9. g3 Bg4 10. f3 Bd7 11. Bg2 O-O-O 12. Ba3 Qe8 13. Qe2 h5 14. h4 Bxa3
15. Nxa3 Ng8 16. O-O-O Ne7 17. e4 Nc6 18. Qb2 Qe7 19. Nc2 Be6 20. Ne3 Rxd1+ 21.
Rxd1 Rd8 22. Nd5 Bxd5 23. exd5 Nd4 24. Re1 Re8 25. f4 f6 26. fxe5 fxe5 27. Qf2
Qb4 28. Bh3+ Kb8 29. Kb2 Rf8 30. Qe3 Rf3 31. Qxe5 Rxb3+ 0-1

[Event "Benidorm - Aficionados sub-2000 2014"]
[Site "Benidorm ESP"]
[Date "2014.12.04"]
[Round "7.15"]
[White "Becking, Franz Josef"]
[Black "Esquerdo Nogueroles, Jaime"]
[Result "1/2-1/2"]
[WhiteElo "1933"]
[BlackElo "1768"]
[PlyCount "34"]
[EventDate "2014.11.28"]
[EventType "swiss"]
[EventRounds "10"]
[EventCountry "ESP"]
[SourceTitle "Ajedrez en Madrid"]
[Source "lmi"]
[SourceDate "2014.11.28"]

1. d4 f5 2. Nc3 e6 3. e4 fxe4 4. Nxe4 Nf6 5. Bg5 Be7 6. Nc3 Nc6 7. Nf3 b6 8. a3
Bb7 9. Bd3 O-O 10. Qe2 Qe8 11. O-O-O Qh5 12. Bd2 Rfe8 13. h3 Nd5 14. Nxd5 Qxd5
15. Qe4 Qxe4 16. Bxe4 Na5 17. Bxb7 Nxb7 1/2-1/2

[Event "Benidorm - Aficionados sub-2000 2014"]
[Site "Benidorm ESP"]
[Date "2014.12.04"]
[Round "7.18"]
[White "Trabazos Gallego, Javier"]
[Black "Perez Garcia, Juan Angel"]
[Result "0-1"]
[WhiteElo "1856"]
[BlackElo "1921"]
[PlyCount "52"]
[EventDate "2014.11.28"]
[EventType "swiss"]
[EventRounds "10"]
[EventCountry "ESP"]
[SourceTitle "Ajedrez en Madrid"]
[Source "lmi"]
[SourceDate "2014.11.28"]

1. e4 g6 2. d4 Bg7 3. Nc3 c5 4. d5 d6 5. Be2 Nf6 6. Nf3 O-O 7. O-O e6 8. Bg5 a6
9. dxe6 Bxe6 10. e5 dxe5 11. Qxd8 Rxd8 12. Ne4 Nbd7 13. Nxf6+ Nxf6 14. Be3 Nd5
15. Bg5 f6 16. c4 Nb6 17. Be3 Bxc4 18. Bxc4+ Nxc4 19. Bxc5 e4 20. Rac1 Nxb2 21.
Rc2 Nd3 22. Bb6 Rd6 23. Bc7 Rd7 24. Ne1 Nxe1 25. Rxe1 Rc8 26. Rec1 Bh6 0-1

[Event "Benidorm - Aficionados sub-2000 2014"]
[Site "Benidorm ESP"]
[Date "2014.12.04"]
[Round "7.23"]
[White "Alfven, Jorgen"]
[Black "Fernandez Garcia, Ignacio"]
[Result "1-0"]
[WhiteElo "1972"]
[BlackElo "1834"]
[PlyCount "78"]
[EventDate "2014.11.28"]
[EventType "swiss"]
[EventRounds "10"]
[EventCountry "ESP"]
[SourceTitle "Ajedrez en Madrid"]
[Source "lmi"]
[SourceDate "2014.11.28"]

1. d4 Nf6 2. c4 c5 3. d5 d6 4. Nc3 g6 5. e4 Bg7 6. Nf3 O-O 7. h3 Re8 8. Bf4
Nfd7 9. Bd3 Na6 10. O-O Nc7 11. Qd2 a6 12. a4 Rb8 13. Rad1 Ne5 14. Nxe5 dxe5
15. Be3 b6 16. a5 Qd6 17. axb6 Qxb6 18. Na4 Qb4 19. Qc2 Qb3 20. Bxc5 Bd7 21.
Ra1 Bxa4 22. Rxa4 Qxc2 23. Bxc2 Rxb2 24. Bd1 Bf6 25. Ba3 Rb7 26. Rb4 Reb8 27.
Rxb7 Rxb7 28. Ba4 Kf8 29. Rd1 Ne8 30. c5 Rb8 31. Rc1 Bg5 32. Rc2 f5 33. d6 exd6
34. cxd6 Kf7 35. d7 Ng7 36. Bc6 fxe4 37. Bd5+ Ne6 38. Rc6 e3 39. Bxe6+ Kg7 1-0

[Event "Benidorm - Aficionados sub-2000 2014"]
[Site "Benidorm ESP"]
[Date "2014.12.04"]
[Round "7.28"]
[White "Muñiz Giron, Carlos"]
[Black "Torras Campdelacreu, Xavier"]
[Result "0-1"]
[WhiteElo "1938"]
[BlackElo "1802"]
[PlyCount "46"]
[EventDate "2014.11.28"]
[EventType "swiss"]
[EventRounds "10"]
[EventCountry "ESP"]
[SourceTitle "Ajedrez en Madrid"]
[Source "lmi"]
[SourceDate "2014.11.28"]

1. d4 Nf6 2. c4 e5 3. dxe5 Ng4 4. Nf3 Bc5 5. e3 Nc6 6. Be2 Ngxe5 7. O-O O-O 8.
Nc3 Nxf3+ 9. Bxf3 Ne5 10. Be2 Re8 11. Qc2 a5 12. b3 Ra6 13. Bb2 Rh6 14. g3 d6
15. Na4 Bh3 16. Rfd1 Qf6 17. Qe4 Bd7 18. Nxc5 Bc6 19. Bxe5 Rxe5 20. Qg4 dxc5
21. Qc8+ Re8 22. Qxc7 Rxh2 23. Kxh2 Qh6+ 0-1

[Event "Benidorm - Aficionados sub-2000 2014"]
[Site "Benidorm ESP"]
[Date "2014.12.04"]
[Round "7.36"]
[White "Martinez Perez, Pablo"]
[Black "Selva Salvador, Antonio"]
[Result "1-0"]
[WhiteElo "1710"]
[BlackElo "1896"]
[PlyCount "51"]
[EventDate "2014.11.28"]
[EventType "swiss"]
[EventRounds "10"]
[EventCountry "ESP"]
[SourceTitle "Ajedrez en Madrid"]
[Source "lmi"]
[SourceDate "2014.11.28"]

1. e4 e6 2. d3 d5 3. Nd2 Nf6 4. Ngf3 dxe4 5. dxe4 Bc5 6. Bd3 Nc6 7. O-O Bd7 8.
e5 Nd5 9. Ne4 Be7 10. a3 f5 11. exf6 Nxf6 12. Re1 e5 13. Neg5 Bg4 14. h3 Bxf3
15. Qxf3 Qd6 16. Bc4 O-O-O 17. Nf7 Qc5 18. Be6+ Kb8 19. Be3 Nd4 20. Bxd4 Qxd4
21. Nxh8 Rxh8 22. b4 Qd6 23. Bb3 Nd7 24. Red1 Rf8 25. Rxd6 Rxf3 26. Rxd7 1-0

[Event "Benidorm - Aficionados sub-2000 2014"]
[Site "Benidorm ESP"]
[Date "2014.12.04"]
[Round "7.37"]
[White "Gastesi Urroz, Mikel"]
[Black "Parks, Joseph"]
[Result "0-1"]
[WhiteElo "1690"]
[BlackElo "1889"]
[PlyCount "66"]
[EventDate "2014.11.28"]
[EventType "swiss"]
[EventRounds "10"]
[EventCountry "ESP"]
[SourceTitle "Ajedrez en Madrid"]
[Source "lmi"]
[SourceDate "2014.11.28"]

1. d4 d6 2. Nf3 f5 3. g3 g6 4. Bg2 Nf6 5. O-O Bg7 6. c4 O-O 7. Nc3 c6 8. d5 e5
9. dxe6 Bxe6 10. b3 Qe7 11. Ng5 Nbd7 12. Ba3 Ne8 13. Rc1 Qxg5 14. Bxd6 Nxd6 15.
Qxd6 Qf6 16. Rfd1 Rad8 17. Qc7 Nc5 18. Re1 Bh6 19. f4 Qd4+ 20. Kh1 Rd7 21. Qa5
b6 22. Qa3 Ne4 23. e3 Qd3 24. Bf1 Qd6 25. Qb2 Bg7 26. Bg2 Bxc3 27. Rxc3 Nxc3
28. Qxc3 Qd2 29. Qa1 Qc2 30. Bxc6 Rd2 31. Rf1 Rfd8 32. Qe5 Bf7 33. Qf6 Rd1 0-1

[Event "Benidorm - Aficionados sub-2000 2014"]
[Site "Benidorm ESP"]
[Date "2014.12.04"]
[Round "7.38"]
[White "Muro Turon, Raul"]
[Black "Carmona Huertas, Juan Antonio"]
[Result "1-0"]
[WhiteElo "1877"]
[BlackElo "1668"]
[PlyCount "55"]
[EventDate "2014.11.28"]
[EventType "swiss"]
[EventRounds "10"]
[EventCountry "ESP"]
[SourceTitle "Ajedrez en Madrid"]
[Source "lmi"]
[SourceDate "2014.11.28"]

1. e4 c5 2. c3 d5 3. exd5 Qxd5 4. d4 cxd4 5. Nf3 Nc6 6. cxd4 Bg4 7. Be2 Nf6 8.
Nc3 Qd8 9. d5 Bxf3 10. Bxf3 Ne5 11. O-O g6 12. Bf4 Nxf3+ 13. Qxf3 Bg7 14. d6
O-O 15. Rad1 exd6 16. Bxd6 Re8 17. Qxb7 Qb6 18. Qxb6 axb6 19. Rfe1 Rxe1+ 20.
Rxe1 Rd8 21. Bc7 Rd2 22. Rd1 Rxb2 23. Rd8+ Bf8 24. Bd6 Rc2 25. Bxf8 Rc1+ 26.
Nd1 Rxd1+ 27. Rxd1 Kxf8 28. Rd6 1-0

[Event "Benidorm - Aficionados sub-2000 2014"]
[Site "Benidorm ESP"]
[Date "2014.12.04"]
[Round "7.39"]
[White "Tirado Parra, Alberto"]
[Black "Kuenitz, Klaus"]
[Result "1-0"]
[WhiteElo "1873"]
[BlackElo "1645"]
[PlyCount "51"]
[EventDate "2014.11.28"]
[EventType "swiss"]
[EventRounds "10"]
[EventCountry "ESP"]
[SourceTitle "Ajedrez en Madrid"]
[Source "lmi"]
[SourceDate "2014.11.28"]

1. e4 e6 2. d4 d5 3. Nd2 dxe4 4. Nxe4 Nd7 5. Nf3 Ngf6 6. Bg5 Be7 7. Bxf6 Nxf6
8. Bd3 b6 9. Ne5 O-O 10. Nc6 Qd7 11. Qf3 Nd5 12. Ne5 Qa4 13. O-O f5 14. Nc3
Qxd4 15. Nc6 Qf6 16. Nxe7+ Qxe7 17. Rae1 Qc5 18. Re5 c6 19. Rfe1 Bd7 20. Ne2
Qd6 21. Nd4 Rae8 22. Qg3 Nf6 23. Nxf5 exf5 24. Rxe8 Nxe8 25. Rxe8 Qxg3 26. Bc4+
1-0

[Event "Benidorm - Aficionados sub-2000 2014"]
[Site "Benidorm ESP"]
[Date "2014.12.04"]
[Round "7.43"]
[White "Rincon Carrillo, Ricardo"]
[Black "Buenafe Moya, Jesus"]
[Result "0-1"]
[WhiteElo "1977"]
[BlackElo "1807"]
[PlyCount "38"]
[EventDate "2014.11.28"]
[EventType "swiss"]
[EventRounds "10"]
[EventCountry "ESP"]
[SourceTitle "Ajedrez en Madrid"]
[Source "lmi"]
[SourceDate "2014.11.28"]

1. e4 g6 2. d4 Bg7 3. Nc3 d5 4. exd5 Nf6 5. Bb5+ Nbd7 6. a4 a6 7. Bd3 Nb6 8.
Nge2 Nfxd5 9. Nxd5 Nxd5 10. c4 Nb4 11. Bb1 c5 12. d5 O-O 13. O-O e6 14. dxe6
Bxe6 15. Qb3 b5 16. axb5 axb5 17. Rd1 Rxa1 18. Rxd8 Rxd8 19. Nc3 Bxc4 0-1

[Event "Benidorm - Aficionados sub-2000 2014"]
[Site "Benidorm ESP"]
[Date "2014.12.04"]
[Round "7.44"]
[White "Teran Pereda, Luis"]
[Black "Rodriguez Gomez, Vicente"]
[Result "1/2-1/2"]
[WhiteElo "1791"]
[BlackElo "1949"]
[PlyCount "41"]
[EventDate "2014.11.28"]
[EventType "swiss"]
[EventRounds "10"]
[EventCountry "ESP"]
[SourceTitle "Ajedrez en Madrid"]
[Source "lmi"]
[SourceDate "2014.11.28"]

1. d4 d5 2. c4 e6 3. Nf3 Nf6 4. Nc3 c6 5. Bg5 h6 6. Bh4 dxc4 7. a4 Bb4 8. e3
Qa5 9. Bxf6 Bxc3+ 10. bxc3 Qxc3+ 11. Nd2 gxf6 12. Bxc4 Qa5 13. O-O Nd7 14. Ne4
f5 15. Qh5 Ke7 16. Ng5 Rf8 17. Qxh6 Nb6 18. Nh7 Rg8 19. Qh4+ Kd6 20. Qf4+ Ke7
21. Qh4+ 1/2-1/2

[Event "Benidorm - Aficionados sub-2000 2014"]
[Site "Benidorm ESP"]
[Date "2014.12.04"]
[Round "7.45"]
[White "Elfeturi, Melad"]
[Black "Orti Boix, Miguel"]
[Result "1-0"]
[WhiteElo "1937"]
[BlackElo "1796"]
[PlyCount "65"]
[EventDate "2014.11.28"]
[EventType "swiss"]
[EventRounds "10"]
[EventCountry "ESP"]
[SourceTitle "Ajedrez en Madrid"]
[Source "lmi"]
[SourceDate "2014.11.28"]

1. e4 c5 2. Nf3 g6 3. d4 cxd4 4. Nxd4 Nc6 5. Be3 Bg7 6. Bc4 Nf6 7. Nc3 d6 8. f3
O-O 9. Qd2 Nxd4 10. Bxd4 Qc7 11. Bb3 Bd7 12. g4 e6 13. h4 h5 14. gxh5 Nxh5 15.
O-O-O Bxd4 16. Qxd4 Rfd8 17. Qxd6 Qa5 18. Qe7 Qc7 19. Rd6 Nf6 20. Rhd1 Kg7 21.
e5 Ng8 22. Rxd7 Nxe7 23. Rxc7 Rxd1+ 24. Kxd1 Nc6 25. Bxe6 Nxe5 26. f4 Rd8+ 27.
Ke2 Nc6 28. Rxf7+ Kh6 29. Bg4 Nd4+ 30. Kf2 Nxc2 31. Ne4 Nd4 32. Ng5 Rh8 33.
Rxb7 1-0

[Event "Benidorm - Aficionados sub-2000 2014"]
[Site "Benidorm ESP"]
[Date "2014.12.04"]
[Round "7.48"]
[White "Milchenko, Valerii"]
[Black "Marquez Bernal, Florencio"]
[Result "1-0"]
[WhiteElo "1787"]
[BlackElo "1925"]
[PlyCount "41"]
[EventDate "2014.11.28"]
[EventType "swiss"]
[EventRounds "10"]
[EventCountry "ESP"]
[SourceTitle "Ajedrez en Madrid"]
[Source "lmi"]
[SourceDate "2014.11.28"]

1. c4 Nf6 2. Nc3 e6 3. e4 d5 4. cxd5 exd5 5. e5 Ne4 6. d3 Nxc3 7. bxc3 d4 8.
Bd2 Nc6 9. f4 Bf5 10. Rb1 Bc5 11. c4 O-O 12. Nf3 f6 13. Be2 fxe5 14. fxe5 b6
15. O-O Qe7 16. Bg5 Qe6 17. Bf4 Rae8 18. Ng5 Qg6 19. Bh5 Bg4 20. Bxg6 Bxd1 21.
Bxe8 1-0

[Event "Benidorm - Aficionados sub-2000 2014"]
[Site "Benidorm ESP"]
[Date "2014.12.05"]
[Round "8.1"]
[White "Karpach, Shaban"]
[Black "Jimenez Mompo, Candido"]
[Result "1/2-1/2"]
[WhiteElo "1748"]
[BlackElo "1954"]
[PlyCount "62"]
[EventDate "2014.11.28"]
[EventType "swiss"]
[EventRounds "10"]
[EventCountry "ESP"]
[SourceTitle "Ajedrez en Madrid"]
[Source "lmi"]
[SourceDate "2014.11.28"]

1. e4 c5 2. Nf3 d6 3. Bc4 e6 4. Nc3 a6 5. a3 Nf6 6. d4 cxd4 7. Nxd4 Be7 8. Be3
O-O 9. O-O Qc7 10. Ba2 b5 11. Qe2 Nc6 12. Rad1 Bd7 13. f4 Na5 14. Bf2 Nc4 15.
Bxc4 Qxc4 16. Qxc4 bxc4 17. Nf3 Bc6 18. Rd4 d5 19. Ne5 Bb7 20. exd5 exd5 21.
Rdd1 Rac8 22. Rfe1 Bd8 23. Nf3 Ba5 24. Re7 Rc7 25. Rxc7 Bxc7 26. g3 Rd8 27. Na4
Ne4 28. Bd4 f6 29. Nc5 Bc8 30. Na4 Bb7 31. Kg2 Kf7 1/2-1/2

[Event "Benidorm - Aficionados sub-2000 2014"]
[Site "Benidorm ESP"]
[Date "2014.12.05"]
[Round "8.2"]
[White "Marti Blanes, Jose Manuel"]
[Black "Buiza Prieto, Eihartze"]
[Result "0-1"]
[WhiteElo "1960"]
[BlackElo "1887"]
[PlyCount "60"]
[EventDate "2014.11.28"]
[EventType "swiss"]
[EventRounds "10"]
[EventCountry "ESP"]
[SourceTitle "Ajedrez en Madrid"]
[Source "lmi"]
[SourceDate "2014.11.28"]

1. d4 Nf6 2. Nf3 c5 3. c4 cxd4 4. Nxd4 e5 5. Nb5 d5 6. cxd5 Bc5 7. e3 O-O 8.
Be2 Bf5 9. O-O a6 10. N5c3 Nbd7 11. a3 b5 12. Nd2 e4 13. Nb3 Bd6 14. Nd4 Bg6
15. b4 Bxh2+ 16. Kh1 Bd6 17. Bb2 Nxd5 18. g3 Nxc3 19. Bxc3 Rc8 20. Nxb5 axb5
21. Qxd6 Rxc3 22. Rad1 Rc7 23. Bxb5 Bf5 24. Rd5 Be6 25. Rd4 Qb8 26. a4 Nf6 27.
Bc6 Bg4 28. f4 Bf3+ 29. Kg1 Qc8 30. Rxf3 Rxc6 0-1

[Event "Benidorm - Aficionados sub-2000 2014"]
[Site "Benidorm ESP"]
[Date "2014.12.05"]
[Round "8.5"]
[White "Killane, Jack"]
[Black "Vallbona Domingo, Joan"]
[Result "1/2-1/2"]
[WhiteElo "1916"]
[BlackElo "1992"]
[PlyCount "113"]
[EventDate "2014.11.28"]
[EventType "swiss"]
[EventRounds "10"]
[EventCountry "ESP"]
[SourceTitle "Ajedrez en Madrid"]
[Source "lmi"]
[SourceDate "2014.11.28"]

1. e4 c5 2. c3 Nf6 3. e5 Nd5 4. d4 cxd4 5. cxd4 e6 6. Nf3 b6 7. Be2 Be7 8. O-O
Bb7 9. Nc3 Nxc3 10. bxc3 Qc7 11. Bb2 d6 12. Ba3 O-O 13. Qd2 Nc6 14. exd6 Bxd6
15. Bxd6 Qxd6 16. Qe3 Rac8 17. Bd3 h6 18. Rfd1 Rfd8 19. Qe4 g6 20. Qe2 Ne7 21.
Rac1 Qf4 22. Ne5 Nd5 23. g3 Qg5 24. Qf3 Rc7 25. h4 Qf6 26. Be4 Qxf3 27. Bxf3
Rdc8 28. c4 Ba6 29. c5 bxc5 30. Bxd5 exd5 31. dxc5 Rxc5 32. Rxc5 Rxc5 33. Nd7
Rc2 34. Nf6+ Kg7 35. Nxd5 Rxa2 36. Nb4 Be2 37. Re1 Rb2 38. Nd5 a5 39. f4 Bf3
40. Ne3 a4 41. Ra1 Bc6 42. Ra3 Rb3 43. Rxb3 axb3 44. Nc4 Bd5 45. Nb2 Kf6 46.
Kf2 Kf5 47. Ke3 Kg4 48. Kf2 Kf5 49. Ke3 Ke6 50. Kd4 f6 51. Nd3 Kd6 52. Nb2 Kc6
53. Nd3 Be6 54. Kc3 Kd5 55. Nf2 Kc5 56. Ne4+ Kc6 57. Nxf6 1/2-1/2

[Event "Benidorm - Aficionados sub-2000 2014"]
[Site "Benidorm ESP"]
[Date "2014.12.05"]
[Round "8.6"]
[White "Boj Marques, Javier"]
[Black "Duenas, Alexis"]
[Result "1-0"]
[WhiteElo "1978"]
[BlackElo "1912"]
[PlyCount "87"]
[EventDate "2014.11.28"]
[EventType "swiss"]
[EventRounds "10"]
[EventCountry "ESP"]
[SourceTitle "Ajedrez en Madrid"]
[Source "lmi"]
[SourceDate "2014.11.28"]

1. d4 Nf6 2. c4 e6 3. Nf3 Bb4+ 4. Bd2 c5 5. dxc5 Bxc5 6. e3 b6 7. Be2 Bb7 8.
O-O O-O 9. b4 Be7 10. Qb3 d6 11. Rd1 Nbd7 12. a4 Rb8 13. Na3 a6 14. Nd4 e5 15.
Nf5 Re8 16. f3 Bf8 17. e4 g6 18. Ng3 Qc7 19. Be3 h5 20. Nf1 Nh7 21. Bf2 Qd8 22.
Ne3 Ng5 23. Nd5 Ne6 24. Nb1 Nf4 25. Bf1 h4 26. Nxf4 exf4 27. Nc3 Qg5 28. h3 Ne5
29. Nd5 Bxd5 30. cxd5 a5 31. b5 f5 32. exf5 gxf5 33. Rac1 Kh8 34. Rc7 Re7 35.
Rdc1 Rxc7 36. Rxc7 Be7 37. Qc3 Bf6 38. Rc8+ Rxc8 39. Qxc8+ Kg7 40. Be2 Bd8 41.
Qb7+ Nf7 42. Bd4+ Kg6 43. Qd7 Kh5 44. Qxf7+ 1-0

[Event "Benidorm - Aficionados sub-2000 2014"]
[Site "Benidorm ESP"]
[Date "2014.12.05"]
[Round "8.7"]
[White "Penarrubia Blasco, Jose Alfred"]
[Black "Izagirre Alsua, Aritz"]
[Result "1-0"]
[WhiteElo "1956"]
[BlackElo "1889"]
[PlyCount "111"]
[EventDate "2014.11.28"]
[EventType "swiss"]
[EventRounds "10"]
[EventCountry "ESP"]
[SourceTitle "Ajedrez en Madrid"]
[Source "lmi"]
[SourceDate "2014.11.28"]

1. e4 c5 2. Nf3 a6 3. a4 d6 4. h3 e6 5. Bc4 Nc6 6. c3 d5 7. exd5 exd5 8. Bb3
Bf5 9. d4 c4 10. Bc2 Bxc2 11. Qxc2 Nf6 12. O-O Be7 13. Re1 O-O 14. Nbd2 Re8 15.
Ne5 Nxe5 16. dxe5 Nd7 17. Nf3 Nc5 18. Be3 Nd3 19. Re2 b5 20. b4 a5 21. axb5
axb4 22. Rxa8 Qxa8 23. cxb4 Bxb4 24. Bd4 Qb7 25. b6 Qc6 26. Re3 Qb5 27. Qa2 Ba5
28. b7 Rb8 29. e6 fxe6 30. Rxe6 Rxb7 31. Qe2 Bb4 32. Re8+ Bf8 33. Qe6+ Rf7 34.
Ng5 Qd7 35. Nxf7 Qxe6 36. Rxe6 Kxf7 37. Rc6 Nf4 38. Kf1 Ne6 39. Be5 Bc5 40. f4
g6 41. g4 Be3 42. f5 gxf5 43. gxf5 Ng5 44. Rc7+ Ke8 45. Ke2 d4 46. h4 Nf7 47.
Bg3 c3 48. Kd3 Nh6 49. f6 Nf5 50. Bh2 h5 51. Rh7 Bf2 52. Rc7 Bxh4 53. Be5 Bf2
54. Ke4 Ng3+ 55. Kf3 d3 56. f7+ 1-0

[Event "Benidorm - Aficionados sub-2000 2014"]
[Site "Benidorm ESP"]
[Date "2014.12.05"]
[Round "8.8"]
[White "Naranjo Moreno, Jose Javier"]
[Black "Bote Kobolo, Benjamin"]
[Result "0-1"]
[WhiteElo "1900"]
[BlackElo "1926"]
[PlyCount "78"]
[EventDate "2014.11.28"]
[EventType "swiss"]
[EventRounds "10"]
[EventCountry "ESP"]
[SourceTitle "Ajedrez en Madrid"]
[Source "lmi"]
[SourceDate "2014.11.28"]

1. e4 Nc6 2. d4 e5 3. dxe5 Nxe5 4. Nf3 Qf6 5. Be2 Bc5 6. O-O Nxf3+ 7. Bxf3 d6
8. Nc3 Ne7 9. Nb5 Bb6 10. Be3 Bd7 11. Bd4 Qg5 12. Bxb6 Bxb5 13. Be3 Qe5 14. Re1
O-O 15. a4 Bc6 16. Bd4 Qg5 17. Be3 Qg6 18. b4 a6 19. Ra3 Rfe8 20. Bd4 Qe6 21.
Bg4 Qc4 22. Qa1 f6 23. Rg3 Ng6 24. Bf5 Qf7 25. Ree3 Ne5 26. f4 Ng6 27. e5 fxe5
28. Bxg6 hxg6 29. fxe5 dxe5 30. Bxe5 Rf8 31. h4 Qf2+ 32. Kh2 Rf7 33. Qd4 Qxc2
34. h5 Rf5 35. Rd3 Rxh5+ 36. Kg1 Re8 37. Rd2 Qf5 38. Re2 Rxe5 39. Qd8+ Kh7 0-1